000
00483nam a2200181Ia 4500
008
090123s9999 xx 000 0 und d
082
_b
14745
100
_a
आजरेकर गणेश
245
_a
अंकुर
250
_a
1
260
_b
मेहता प्रकाशन
300
_a
114
600
_a
आजरेकर गणेश
630
_a
अंकुर
700
_a
आजरेकर गणेश
730
_a
अंकुर
942
_c
BOOK
999
_c
52806
_d
52806